The citizen of the world: or, Letters from a Chinese philosopher, residing in London, to his friends in the East.

Bibliographic Details
Main Author: Goldsmith, Oliver, 1730?-1774
Format: eBook
Language:English
Series:Early American imprints. Evans (1639-1800) ; no. 27057.
Subjects:
Online Access:Evans Digital Edition

MARC

Tag First Indicator Second Indicator Subfields
LEADER 00000cam a2200000 a 4500
001 in00002139017
006 m e d #
007 cr mn mmmmabba
008 820312r1794 nyu s 000 0 eng d
005 20260331142822.0
035 |z t146041 
035 |z w029857 
035 |a MAAR8203122904B 
035 |9 mwa91-51404 
035 |a 337548 
035 |a aas03029857 
040 |a MWA  |c MWA  |e bdrb  |d UtOrBLW 
100 1 |a Goldsmith, Oliver,  |d 1730?-1774. 
240 1 0 |a Citizen of the world 
245 1 4 |a The citizen of the world: or, Letters from a Chinese philosopher, residing in London, to his friends in the East. 
264 3 |a Albany :  |b Re-printed by Barber and Southwick, for Thomas Spencer, book-seller, Market-Street,  |c --1794. 
300 |a vi, 1 unnumbered page, 8-458, vii, 3 unnumbered pages ;  |c 17 cm. (duodecimo) 
336 |a text  |b txt  |2 rdacontent 
337 |a computer  |b c  |2 rdamedia 
338 |a online resource  |b cr  |2 rdacarrier 
500 |a Attributed to Oliver Goldsmith in the Dictionary of national biography. 
500 |a Also published under title: Letters from a citizen of the world to his friends in the East. 
510 4 |a Evans  |c 27057 
530 |a Microform version available in the Readex Early American Imprints series. 
533 |a Electronic text and image data.  |b [Chester, Vt. :  |c Readex, a division of Newsbank, Inc.,  |d 2002-2004.  |e Includes files in TIFF, GIF and PDF formats with inclusion of keyword searchable text.  |f (Early American imprints. First series ; no. 27057). 
500 |a Electronic resource. 
650 0 |a Epistolary fiction. 
740 0 |a Citizen of the world. 
752 |a United States  |b New York  |d Albany. 
830 0 |a Early American imprints.  |n Series I,  |p Evans (1639-1800) ;  |v no. 27057. 
856 4 1 |u http://proxy.library.tamu.edu/login?url=https://opac.newsbank.com/select/evans/27057  |y Evans Digital Edition  |t 0 
999 |a MARS 
999 f f |s 183c0df4-3a0d-38dc-8989-4078b5cc97d7  |i 6ff7e9fd-e862-3033-a435-310b2a3b377b  |t 0 
952 f f |a Texas A&M University  |b College Station  |c Electronic Resources  |s www_evans  |d Available Online  |t 0  |h No information provided 
998 f f |t 0  |l Available Online